| 000 | 00710cam a2200157 i 4500 | ||
|---|---|---|---|
| 005 | 20251111093417.0 | ||
| 008 | 250721b9999 xx gr 000 0 ara d | ||
| 082 | 1 | 4 |
_a213 _bر ج ب |
| 100 | 1 |
_aإبن رجب، زين الدين أبو الفرج عبد الرحمن _eمؤلف. |
|
| 245 | 1 | 0 |
_aجامع العلوم والحكم في شرح خمسين حديثا من جوامع الكلم / _cتأليف زين الدين أبي الفرج عبد الرحمن بن شهاب ابن احمد بن رجب الحنبلي البغدادي. |
| 264 | 3 | 1 |
_bدار التراث، _c[ بين 1900 و 1999]. |
| 300 | _a400 صفحة. | ||
| 650 | 1 | 7 | _aالحديث النبوي. |
| 942 |
_2ddc _cREF |
||
| 999 |
_c26586 _d26586 |
||